Kolorowanie flag #2 - Statystyki

Ogólne statystyki
  • Ten quiz został rozwiązany 47 858 razy
  • Średni wynik to 3 z 6
Odpowiedzi na mapie
Odpowiedzi zakodowano w zielono-czerwonej skali na mapie do tego quizu, zgodnie z poniższymi procentami.
 
Statystyki odpowiedzi
Odpowiedź % Poprawnych
Czerwony
58%
Biały
55%
Niebieski
49%
Pomarańczowy
36%
Zielony
34%
Jasnoniebieski
29%
Nie znaleziono quizów pasujących do podanych kryteriów
Rozkład punktacji
Procent ludzi z każdym wynikiem
Percentyl według liczby udzielonych odpowiedzi
Twoja historia wyników
Nie rozwiązałeś tego quizu